Sports Quiz

Random Sports or Basketball Quiz

NBA Starters 2009-2010 Quiz Stats

 Plays Quiz not verified by Sporcle

Also try: #5 Athletes
Challenge
Share
Tweet
Embed
Score 0/150 Timer 15:00
0 Plays Today
Team Player % Correct
BostonKevin Garnett
97%
BostonPaul Pierce
96.6%
ClevelandLebron James
96.6%
BostonRajon Rondo
96.4%
BostonRay Allen
96.3%
ChicagoDerrick Rose
92.8%
UtahDeron Williams
92.8%
ClevelandMo Williams
92.7%
AtlantaMarvin Williams
92.5%
LA LakersKobe Bryant
92.4%
AtlantaJosh Smith
92.1%
AtlantaJoe Johnson
91.8%
DallasDirk Nowitzki
91.8%
DenverCarmelo Anthony
91.6%
MiamiDwyane Wade
91.6%
BostonKendrick Perkins
91.2%
CharlotteGerald Wallace
90.9%
LA LakersPau Gasol
90.9%
DetroitBen Wallace
90.7%
MemphisMarc Gasol
90.7%
DallasJason Kidd
89.8%
ClevelandShaquille O'Neal
89.2%
DenverChauncey Billups
89.2%
MiamiJermaine O'Neal
89.1%
OrlandoDwight Howard
87.7%
New OrleansDavid West
87.4%
LA LakersDerek Fisher
87.3%
ClevelandAnthony Parker
87%
San AntonioTony Parker
87%
New OrleansChris Paul
86.5%
Oklahoma CityKevin Durant
86.5%
PhoenixSteve Nash
86.4%
LA LakersAndrew Bynum
84.9%
ChicagoJoakim Noah
84%
Golden StateStephen Curry
82.5%
AtlantaAl Horford
80.9%
Oklahoma CityRussell Westbrook
80.9%
TorontoChris Bosh
80.9%
LA ClippersBaron Davis
80.1%
IndianaDanny Granger
80%
LA LakersRon Artest
80%
UtahCarlos Boozer
80%
DetroitRichard Hamilton
79.8%
OrlandoVince Carter
79.8%
San AntonioTim Duncan
79.5%
AtlantaMike Bibby
79.1%
MilwaukeeAndrew Bogut
78.5%
New YorkDavid Lee
78.2%
New JerseyCourtney Lee
77.9%
PhoenixAmare Stoudemire
77.1%
Team Player % Correct
Golden StateMonta Ellis
76.7%
DenverKenyon Martin
76.5%
ChicagoLuol Deng
76.4%
OrlandoJameer Nelson
76.1%
TorontoJarrett Jack
75.6%
San AntonioRichard Jefferson
75.5%
MinnesotaAl Jefferson
75.2%
CharlotteStephen Jackson
75%
PortlandBrandon Roy
74.9%
DetroitTayshaun Prince
74.7%
DenverNene Hilario
74.1%
MemphisRudy Gay
73.5%
New YorkWilson Chandler
73.5%
MilwaukeeBrandon Jennings
72.9%
New JerseyBrook Lopez
72.9%
PortlandAndre Miller
72.5%
WashingtonMike Miller
72.5%
DallasCaron Butler
72%
WashingtonCaron Butler
72%
LA ClippersRasual Butler
71.9%
CharlotteRaymond Felton
71.6%
WashingtonAntawn Jamison
71.4%
LA ClippersEric Gordon
70.1%
New JerseyDevin Harris
68.8%
OrlandoRashard Lewis
68.5%
DallasShawn Marion
68.3%
PhiladelphiaAndre Iguodala
68%
MemphisZach Randolph
67.4%
New OrleansEmeka Okafor
67.4%
Oklahoma CityJeff Green
67.1%
PhoenixGrant Hill
66.5%
MiamiQuentin Richardson
65.9%
PhoenixJason Richardson
65.9%
MemphisOJ Mayo
64.6%
SacramentoTyreke Evans
64.6%
PortlandLaMarcus Aldridge
64.4%
MemphisMike Conley
64%
HoustonAaron Brooks
63.2%
DetroitRodney Stuckey
62.6%
PhiladelphiaElton Brand
61.3%
ChicagoKirk Hinrich
61.1%
DallasErick Dampier
59.2%
HoustonLuis Scola
59%
LA ClippersChris Kaman
59%
UtahMehmet Okur
57.4%
LA ClippersMarcus Camby
56.5%
MiamiMichael Beasley
55.3%
HoustonTrevor Ariza
54.1%
ChicagoTaj Gibson
53.4%
TorontoHedo Turkoglu
52%
Team Player % Correct
TorontoAndrea Bargnani
51.1%
New OrleansPeja Stojakovic
49.6%
WashingtonBrendan Haywood
48.6%
MinnesotaJohnny Flynn
48.4%
PhiladelphiaSamuel Dalembert
48.3%
IndianaRoy Hibbert
47.8%
HoustonShane Battier
47.7%
IndianaTroy Murphy
46.2%
MinnesotaCorey Brewer
45.4%
UtahRonnie Brewer
45.4%
Golden StateCorey Maggette
45.1%
Golden StateAndris Biedrins
44.7%
CharlotteBoris Diaw
43.3%
ClevelandJJ Hickson
41.4%
New YorkChris Duhon
41.1%
New YorkDanilo Gallinari
37.2%
San AntonioAntonio McDyess
36.9%
DenverArron Afflalo
36.3%
Oklahoma CityNenad Krstic
35.9%
OrlandoMatt Barnes
35.9%
PhiladelphiaJrue Holiday
35.4%
PhoenixChanning Frye
35.4%
SacramentoJason Thompson
35.4%
PhiladelphiaThaddeus Young
35%
Oklahoma CityThabo Sefolosha
34.2%
HoustonChuck Hayes
33.5%
MiamiCarlos Arroyo
33.5%
TorontoDeMar DeRozan
32.3%
UtahWesley Matthews
30.6%
SacramentoBeno Udrih
29.9%
MilwaukeeCharlie Bell
29%
CharlotteNazr Mohammed
28.7%
SacramentoSpencer Hawes
28.3%
New JerseyYi Jianlian
27.4%
New OrleansMorris Peterson
26.9%
WashingtonRandy Foye
26.5%
MilwaukeeCarlos Delfino
25.3%
PortlandSteve Blake
24.2%
MilwaukeeLuke Richard Mbah a Moute
23.6%
New JerseyChris Douglas-Roberts
23.3%
MinnesotaRyan Gomes
21.8%
PortlandMartell Webster
21.1%
DetroitJonas Jerebko
20.8%
IndianaBrandon Rush
20.5%
Golden StateAnthony Morrow
19.6%
IndianaEarl Watson
18.2%
San AntonioKeith Bogans
14.5%
New YorkJared Jeffries
14.3%
SacramentoDonte Greene
14.1%
MinnesotaDamien Wilkins
9.3%

You're not logged in!

Compare scores with friends on all Sporcle quizzes.
Join for Free
OR
Log In

You Might Also Like...

Show Comments

Extras

Top Quizzes Today


Score Distribution

Your Account Isn't Verified!

In order to create a playlist on Sporcle, you need to verify the email address you used during registration. Go to your Sporcle Settings to finish the process.

Report this User

Report this user for behavior that violates our Community Guidelines.

Details: